00627 2200241 4500001002100000005001700021006001900038008004100057020002200098035002500120090001700145100001800162245003000180250001100210260003800221990001800259990001800277990001800295990001800313990001800331990001800349990001800367INLIS00000000001158220160629111056.0a ||| | 180719| ||| |  a978-979-29-0899-2 a0010-061600000000133 a617.63 DES g0 aDessy Danarti00aGIGIKU SEHAT, GIGIKU KUAT aCet. 1 aYOGYAKARTAbCV. ANDI OFFSETc2009 a14739/PC/2016 a14740/PC/2016 a14739/PC/2016 a14740/PC/2016 a14739/PC/2016 a14739/PC/2016 a14740/PC/2016